EMINEM SONGS - Statistics

General Stats
  • This quiz has been taken 429 times
  • The average score is 8 of 14
Answers on the Grid
Answers color-coded by a green-red scale on the quiz's grid according to % correct below.
Encore
screw u
sorry ma’
hello
in da club
forgot about Dre
yo
explosive
White america
ice,ice baby
Salami
somebody save me
R.I.P
Amityville
never gonna give you up
Christopher Reeves
Brand New Dance
Houdini
Fuelling up
Fuel
cray cray
GodZilla
Gunz for us
Cant touch this
I’m back
Nobody gives a damn
Marshall Mathers
the Warning
K*llshot
Hit ‘em up
 
Answer Stats
Answer % Correct
Encore
83%
GodZilla
68%
forgot about Dre
67%
Houdini
67%
K*llshot
66%
White america
64%
Marshall Mathers
63%
Fuel
50%
somebody save me
50%
I’m back
46%
Amityville
41%
Brand New Dance
41%
hello
33%
the Warning
26%
No matching quizzes found
Score Distribution
Percent of People with Each Score
Percentile by Number Answered
Your Score History
You have not taken this quiz